000
00294pam a2200121 a 4500
020
_c
041
_h
100
_a
BONO (Edward de)
_e
author
245
_a
Six Thinking Hats
_h
Textual Document
260
_b
Penguin Books India Pvt. Ltd. New Delhi , London
300
_a
vi, 177
930
_a
9305
999
_c
840063
_d
840063